Star Wars Quiz (Schwer) - Statistiken

Allgemein
  • Dieses Quiz wurde 1.224 mal gespielt
    76 seit der letzten Aktualisierung
  • Das Durchschnittsergebnis liegt bei 4 aus 10
Antwortstatistiken
Frage Antwort % Korrekt
Von wem wurde Anakins Mutter gefangen gehalten? Tusken Räuber
86%
Auf welchem Planeten versteckt sich Grievous während Episode 3? Utapau
71%
Wann wurde Star Wars an Disney verkauft? 2012
66%
Welche Superwaffe baute die Erste Ordnung? Starkiller Basis
60%
Wie heißt der Clon-Commander von Ayla Secura? Commander Bly
40%
Wer war der einstige Meister von Count Dooku? Meister Yoda
34%
Welche Jedi gab die Klon-Armee in Auftrag? Sifo Dyas
32%
Wer hatte die ursprüngliche Bauidee für den Todesstern? Geonosianer
23%
Welches Verbrechersyndikat befiehlt Darth Maul? Crimson Dawn
22%
Wie heißt der Commander von Thrawn? Enoch
0%
Keine übereinstimmenden Quizze gefunden
Verteilung der Resultate
Anzahl Personen mit jedem Resultat
Perzentil nach korrekt beantworteten Fragen
Ihre Resultats-Entwicklung
Sie haben dieses Quiz seit der letzten Aktualisierung nicht gespielt